[Event "Oviedo rapid"]
[Site "Oviedo"]
[Date "1993.??.??"]
[Round "5"]
[White "Salov, Valery"]
[Black "Forbes, Cathy"]
[Result "1-0"]
[WhiteElo "2685"]
[BlackElo "2105"]

1.Nf3 d5 2.c4 c6 3.d4 Nf6 4.Qc2 g6 5.Bf4 Bg7 6.e3 Bf5 7.Bd3 Bxd3 8.Qxd3 O-O
9.Nc3 Nbd7 10.O-O dxc4 11.Qxc4 Nh5 12.Be5 Bxe5 13.dxe5 Ng7 14.Rfd1 Qc8 15.Qh4 Nf5
16.Qh3 Nc5 17.b4 Ne6 18.Ne4 h5 19.Neg5 Nfg7 20.Qh4 Nxg5 21.Qxg5 Qc7 22.Qh6 Ne6
23.Rd4 Rfd8 24.Rh4 Rd5 25.g4 Rxe5 26.gxh5 Rxh5 27.Rxh5 gxh5 28.Kh1 Nf8 29.Rg1+ Ng6
30.Ng5 e6 31.Nxe6 fxe6 32.Rxg6+  1-0

[Event "Oviedo rapid"]
[Site "Oviedo"]
[Date "1993.??.??"]
[Round "6"]
[White "Krasenkow, Michal"]
[Black "Cacho Reigadas, Sergio"]
[Result "1-0"]
[WhiteElo "2595"]
[BlackElo "2360"]

1.Nf3 d5 2.c4 c6 3.e3 Nf6 4.Nc3 g6 5.d4 Bg7 6.Be2 O-O 7.O-O Ne4 8.Qb3 Nxc3
9.bxc3 dxc4 10.Bxc4 Nd7 11.Ng5 e6 12.Ne4 Nf6 13.Ng3 Re8 14.a4 b6 15.e4 a6
16.e5 Nd5 17.Ne4 b5 18.axb5 cxb5 19.Bxd5 Qxd5 20.Qxd5 exd5 21.Nd6 Rd8 22.Nxb5 Bd7
23.Nc7 Ra7 24.Bg5 Rb8 25.Nxd5 h6 26.Bf6 Bf8 27.Rfb1 Rbb7 28.Rxb7 Rxb7 29.h3 Bc8
30.c4 Rb3 31.Be7 Bb7 32.Nf6+ Kg7 33.Bxf8+ Kxf8 34.Nd7+ Ke7 35.Nc5 Rb4 36.Nxb7 Rxb7  1-0

[Event "Oviedo rapid"]
[Site "Oviedo"]
[Date "1993.??.??"]
[Round "10"]
[White "Antunes, Antonio"]
[Black "Yakovich, Yuri"]
[Result "0-1"]
[WhiteElo "2425"]
[BlackElo "2525"]

1.Nf3 d5 2.c4 dxc4 3.e3 Nf6 4.Bxc4 e6 5.d4 a6 6.O-O c5 7.Qe2 b5 8.Bb3 Bb7
9.a4 Nbd7 10.axb5 axb5 11.Rxa8 Qxa8 12.Nc3 b4 13.Nb5 Qa5 14.e4 Be7 15.e5 Ne4
16.Rd1 O-O 17.d5 exd5 18.Bxd5 Bxd5 19.Rxd5 Nb6 20.Rd1 c4 21.Qxe4 Qxb5 22.Bg5 Bc5
23.Bf6 Qa4 24.Re1 Qd7 25.Bg5 Re8 26.h3 h6 27.Bf4 Qd5 28.Qf5 Qe6 29.Qxe6 fxe6
30.Be3 Bxe3 31.fxe3 Ra8 32.Nd4 Ra2 33.b3 c3 34.e4 Rb2 35.Nxe6  0-1

[Event "Oviedo rapid"]
[Site "Oviedo"]
[Date "1993.??.??"]
[Round "13"]
[White "Ivkov, Borislav"]
[Black "Pomes Marcet, Juan"]
[Result "1/2-1/2"]
[WhiteElo "2505"]
[BlackElo "2410"]

1.Nf3 d5 2.c4 c6 3.e3 Nf6 4.b3 Bg4 5.Bb2 e6 6.Be2 Nbd7 7.Nc3 Bd6 8.cxd5 exd5
9.Nd4 Ne5 10.Qc2 O-O 11.Bxg4 Nfxg4 12.Nf5 Bc7 13.f4 Ng6 14.Ne2 Nf6 15.Neg3 Ne8
16.Nh5 f6 17.g4 Rf7 18.Rg1 Ne7 19.Nhxg7 Rxg7 20.Nxg7 Nxg7 21.Bxf6 Qf8 22.Bb2 Ng6
23.O-O-O Re8 24.Rdf1 Qf7 25.h4 Nxh4 26.f5 Re4 27.Qd1 Bd8 28.Rh1 Ne8  1/2-1/2

[Event "Paris-ch"]
[Site "Paris"]
[Date "1993.??.??"]
[Round "4"]
[White "Mohr, Georg"]
[Black "Solozhenkin, Evgeniy"]
[Result "0-1"]
[WhiteElo "2435"]
[BlackElo "2480"]

1.Nf3 d5 2.c4 c6 3.b3 Bg4 4.Bb2 e6 5.e3 Nf6 6.Be2 Nbd7 7.O-O Bd6 8.cxd5 cxd5
9.Nd4 Bxe2 10.Qxe2 a6 11.f4 Qe7 12.g4 h6 13.Nc3 g5 14.Kh1 Rg8 15.h3 h5 16.gxh5 gxf4
17.exf4 Rg3 18.Kh2 Rg5 19.Rac1 Nxh5 20.Qe3 Rg3 21.Rf3 Bxf4 22.Rxg3 Bxe3 23.Rxe3 Ndf6
24.Nf5 Qc7+ 25.Kg2 Qf4 26.Rf1 Qg5+ 27.Kh2 Kd7 28.Na4 Rg8 29.Nb6+ Kd8 30.Ng3 Ne4
31.Rc1 Nhxg3 32.Rc8+ Ke7 33.Ba3+ Nd6 34.Rxg8 Nf1+ 35.Kh1 Qxg8 36.Rc3 Ng3+
37.Kh2 Ne2 38.Nc8+ Kd8  0-1

[Event "Paris-ch"]
[Site "Paris"]
[Date "1993.??.??"]
[Round "4"]
[White "Nikcevic, Nebojsa"]
[Black "Bartha, Sandor"]
[Result "1-0"]
[WhiteElo "2395"]
[BlackElo "2330"]

1.Nf3 d5 2.c4 c6 3.g3 dxc4 4.Bg2 Nd7 5.Na3 Nb6 6.Qc2 Qd5 7.b3 cxb3 8.axb3 Be6
9.Rb1 Bf5 10.d3 e5 11.O-O Qd6 12.Nc4 Nxc4 13.bxc4 Bc8 14.Bb2 f6 15.d4 exd4
16.Nxd4 Nh6 17.Rfd1 Qc7 18.Qe4+ Kf7 19.Bc1 Bc5 20.Bxh6 Bxd4 21.Rxd4 gxh6
22.Rbd1 Qe5 23.Qb1 f5 24.Bh3 Rf8 25.Rd8 Rxd8 26.Rxd8 Rb8 27.Qb4 Be6 28.Qf8+  1-0

[Event "Paris-ch"]
[Site "Paris"]
[Date "1993.??.??"]
[Round "6"]
[White "Nikcevic, Nebojsa"]
[Black "Shevelev, Sergei"]
[Result "1/2-1/2"]
[WhiteElo "2395"]
[BlackElo "2395"]

1.Nf3 d5 2.c4 e6 3.g3 c5 4.Bg2 Nc6 5.O-O Nf6 6.d4 Be7 7.dxc5 Bxc5 8.a3 a5
9.cxd5 exd5 10.Bg5 O-O 11.Nc3 d4 12.Bxf6 Qxf6 13.Nd5 Qd8 14.Nf4 Re8 15.Rc1 Ba7
16.Re1 Bf5 17.Qb3 Be4 18.Nd3 Re7 19.Nd2 Bxg2 20.Kxg2 Qd6 21.Nf3 Rae8 22.Rc2 h6
23.Qc4 Re6 24.b4 axb4 25.axb4 R6e7 26.Ra1 Bb6 27.Raa2 Rd8 28.h4 Rc7 29.Qb3 Ne7
30.Rxc7 Bxc7 31.Rc2 Bb8 32.Rc5 Qf6 33.Qc2 Qe6 34.Rc4 Nf5 35.Nc5 Qd5 36.Nxb7 Nxh4+
37.gxh4 Qxb7 38.Qd3 Ba7 39.Qf5 Re8 40.Kf1 Qe7 41.Qd3 h5  1/2-1/2

[Event "Apsap op"]
[Site "Paris"]
[Date "1993.??.??"]
[Round "9"]
[White "Pira, Davoud"]
[Black "Usachyi, Vladimir"]
[Result "1-0"]
[WhiteElo "2350"]
[BlackElo "2275"]

1.Nf3 d5 2.c4 e6 3.e3 c5 4.d4 Nc6 5.Nc3 Nf6 6.a3 cxd4 7.exd4 Be7 8.Bd3 dxc4
9.Bxc4 O-O 10.O-O b6 11.Qd3 Bb7 12.Ba2 Rc8 13.Re1 Rc7 14.Bf4 Rd7 15.Rad1 Bc5
16.d5 exd5 17.b4 Bxb4 18.axb4 Nxb4 19.Qd2 Qa8 20.Nd4 a5 21.Bb1 Re8 22.f3 Rdd8
23.Be5 Nd7 24.Bxg7 Kxg7 25.Qg5+ Kh8 26.Qh6 Nf8 27.Qf6+ Kg8 28.Nf5  1-0

[Event "Podgorica"]
[Site "Podgorica"]
[Date "1993.??.??"]
[Round "1"]
[White "Makarov, Marat"]
[Black "Levin, Felix"]
[Result "0-1"]
[WhiteElo "2515"]
[BlackElo "2505"]

1.Nf3 d5 2.c4 e6 3.g3 g6 4.Bg2 Bg7 5.O-O Ne7 6.d4 O-O 7.Qc2 Nbc6 8.Rd1 Nf5
9.e3 Nd6 10.Nbd2 a5 11.a3 a4 12.Ne1 Ne7 13.Nd3 b6 14.c5 Ndf5 15.Nf3 Bd7 16.Nfe5 Bb5
17.Bd2 f6 18.Nf3 Bc4 19.Rdc1 Nc6 20.Qb1 e5 21.dxe5 fxe5 22.Rxc4 dxc4 23.Nb4 Nxb4
24.Bxb4 b5 25.Qe4 Re8 26.Bc3 Nd4 27.Re1 Nxf3+ 28.Bxf3 Qf6 29.Bg4 Rad8 30.c6 Qf7
31.h4 Qd5 32.Qxd5+ Rxd5 33.e4 Rd6 34.Bd7 Rd8 35.Kf1 R8xd7 36.cxd7 Rxd7 37.Ke2 h5
38.Rd1 Rxd1 39.Kxd1 Kf7 40.Ke2 Ke6 41.Ba5 Bf8 42.Be1 Bc5 43.Kd2 Bd4 44.Kc2 c5
45.f3 b4 46.g4 b3+ 47.Kc1 Be3+ 48.Kb1 Bf4 49.Ka1 c3 50.bxc3 Bc1 51.Kb1 Bxa3
52.Bf2 c4 53.g5 Be7 54.Kb2 a3+ 55.Kb1 Bd8 56.Be3 Ba5 57.Bd2 Bb6 58.Be1 Be3
59.Ka1 a2 60.Kb2 Bc1+  0-1

[Event "Podgorica"]
[Site "Podgorica"]
[Date "1993.??.??"]
[Round "3"]
[White "Makarov, Marat"]
[Black "Drasko, Milan"]
[Result "1-0"]
[WhiteElo "2515"]
[BlackElo "2475"]

1.Nf3 d5 2.c4 dxc4 3.e3 e6 4.Bxc4 Nf6 5.O-O c5 6.b3 Nc6 7.Bb2 Bd6 8.d4 O-O
9.Nc3 cxd4 10.Nxd4 Bd7 11.Ncb5 Be7 12.Nxc6 Bxc6 13.Qxd8 Rfxd8 14.Rfd1 a6
15.Nd4 Bd5 16.Be2 Rac8 17.Rac1 Bc5 18.Kf1 Bb6 19.Rxc8 Rxc8 20.f3 Kf8 21.e4 Bc6
22.Nxc6 Rxc6 23.Bc4 Ke7 24.Ke2 Bc7 25.g3 b5 26.Bd3 e5 27.a4 bxa4 28.bxa4 Nd7
29.Rc1 Rxc1 30.Bxc1 Nc5 31.Ba3 Bd6 32.Bxc5 Bxc5 33.Bxa6 Kd6 34.Bc4 f6 35.a5 Ba7
36.Bg8 h6 37.f4 Kc5 38.f5 Kd6 39.Kf3 Bg1 40.a6 Bb6 41.Kg4 Ke7 42.Kh5 Kf8
43.Bc4 Bc5 44.Kg6 Bb6 45.g4 Bc5 46.h4 Be3 47.Bd5 Bd4 48.g5 hxg5 49.hxg5 fxg5
50.Kxg5 Bf2 51.Kg6 Bc5 52.Bc6  1-0

[Event "POR-chT"]
[Site "?"]
[Date "1993.??.??"]
[Round "10"]
[White "Silva, Antonio"]
[Black "Vitor, Antonio"]
[Result "1/2-1/2"]
[WhiteElo "2215"]
[BlackElo "2170"]

1.Nf3 d5 2.c4 dxc4 3.Na3 g6 4.Nxc4 Bg7 5.g3 Nc6 6.Bg2 e5 7.O-O Nge7 8.d3 O-O
9.Rb1 a5 10.b3 Re8 11.Bd2 Nf5 12.Qe1 Nfd4 13.Nxd4 exd4 14.Nxa5 Nxa5 15.Bxa5 Qe7
16.Rc1 Qxe2 17.Qxe2 Rxe2 18.Rxc7 Bf5 19.Bb4 Rd8 20.Bxb7 Rxa2 21.Re1 Be6 22.Be7 Rb8
23.Bc5 Bxb3 24.Bc8 h5 25.Bd7 Bd5 26.Bh3 Rc2  1/2-1/2

[Event "Prague"]
[Site "Prague"]
[Date "1993.??.??"]
[Round "4"]
[White "Smejkal, Jan"]
[Black "Taimanov, Mark E"]
[Result "0-1"]
[WhiteElo "2515"]
[BlackElo "2500"]

1.Nf3 d5 2.c4 c6 3.d4 Nf6 4.Nc3 dxc4 5.a4 Na6 6.e4 Bg4 7.Bxc4 e6 8.O-O Be7
9.Be3 O-O 10.Be2 Nb4 11.a5 b6 12.Ne5 Bxe2 13.Qxe2 Nd7 14.axb6 Nxe5 15.b7 Rb8
16.dxe5 Rxb7 17.Na4 Qd3 18.Qg4 Qb5 19.Qg3 Nd3 20.Rfd1 Rd8 21.Nc3 Qc4 22.Bh6 g6
23.Ra4 Nb4 24.Rxd8+ Bxd8 25.h3 Rd7 26.Qe3 a5 27.Qf4 Qc5 28.Ra1 Nd3 29.Qe3 Qxe3
30.Bxe3 Nxe5 31.Na4 Rb7 32.Rd1  0-1

[Event "CRO-Cup"]
[Site "Pula"]
[Date "1993.??.??"]
[Round "6"]
[White "Dizdar, Goran"]
[Black "Palac, Mladen"]
[Result "0-1"]
[WhiteElo "2490"]
[BlackElo "2485"]

1.Nf3 d5 2.c4 e6 3.e3 Nf6 4.Nc3 c6 5.b3 Nbd7 6.Qc2 Bd6 7.Bb2 O-O 8.d4 e5
9.cxd5 cxd5 10.dxe5 Nxe5 11.Be2 Bg4 12.O-O Rc8 13.Nxe5 Bxe5 14.Bxg4 Nxg4
15.h3 Nf6 16.Qd3 Qa5 17.Rac1 Rc6 18.f4 Bxc3 19.Bxc3 Qa3 20.Qb1 Rfc8 21.Bb2 Qe7
22.Qd3 Qe4 23.Rxc6 Rxc6 24.Rd1 Rc2 25.Qxe4 Nxe4 26.Rxd5 h5 27.Re5 Ng3 28.Bd4 h4
29.f5 Rc1+  0-1

[Event "Ramat Hasharon"]
[Site "Ramat Hasharon"]
[Date "1993.??.??"]
[Round "6"]
[White "Teplitsky, Yan"]
[Black "Timanin, Boris"]
[Result "1-0"]
[WhiteElo "2375"]
[BlackElo "2355"]

1.Nf3 d5 2.c4 c6 3.e3 Nf6 4.Nc3 Bg4 5.cxd5 Bxf3 6.Qxf3 cxd5 7.d4 e6 8.Bd3 Nc6
9.Qe2 Bd6 10.O-O O-O 11.f4 Re8 12.Bd2 Bb4 13.Qf3 Ne7 14.Be1 Rc8 15.g4 a6
16.a3 Bxc3 17.Bxc3 Qb6 18.Rac1 Ng6 19.g5 Nd7 20.f5 exf5 21.Qxd5 Qe6 22.Qxf5 Qxe3+
23.Kh1 Qe6 24.Qf3 Nh4 25.d5 Qe7 26.Qf4 Ng6 27.Qf5 Nc5 28.d6 Qe6 29.Qxe6 fxe6
30.Bc2 Nd7 31.Rcd1 Rc5 32.Be4 Rb8 33.Rg1 Nf4 34.Rgf1 Nd5 35.Bd4 Rc6 36.Bf2 Rf8
37.Bg3 Rxf1+ 38.Rxf1 Rc4 39.Re1 Rd4 40.Bf3 Kf7 41.Rc1 Rd3 42.Be4 Re3 43.Rf1+ Kg8
44.Bf3 b5 45.Bg4 Re4 46.Bh3 Nf8 47.Rc1 Rd4 48.d7 Ne3 49.Bf2 Rxd7 50.Bxe3 Rd3
51.Re1 Kf7 52.Bf1 Rb3 53.Bd4 Kg6 54.Re3 Rxe3 55.Bxe3 Kf5 56.Bd3+ Kg4 57.Kg2 Nd7
58.h3+ Kh5 59.Kg3 Ne5 60.Be2+ Kg6 61.Kf4  1-0

[Event "Reykjavik op"]
[Site "Reykjavik"]
[Date "1993.??.??"]
[Round "7"]
[White "Asanov, Bolat"]
[Black "Jonsson, Bjorgvin"]
[Result "1-0"]
[WhiteElo "2405"]
[BlackElo "2400"]

1.Nf3 d5 2.c4 e6 3.g3 dxc4 4.Bg2 Nf6 5.Qa4+ Nbd7 6.Qxc4 a6 7.Qc2 c5 8.O-O Be7
9.d4 O-O 10.Nc3 Ra7 11.dxc5 Bxc5 12.e4 e5 13.Na4 b6 14.Nxc5 Rc7 15.Be3 Ng4
16.Bg5 Qe8 17.b4 bxc5 18.h3 Ngf6 19.Be3 Bb7 20.Nh4 Qa8 21.f3 Rfc8 22.Nf5 cxb4
23.Qa4 Re8 24.Qxb4 Re6 25.Rac1 Rxc1 26.Rxc1 g6 27.Ne7+ Kg7 28.Rc7 Qf8 29.Rxb7 Rxe7
30.g4 h6 31.Bf1 Qc8 32.Bc4 Re8 33.Ra7 Qb8 34.Qxb8 Rxb8 35.Bb3 a5 36.Rxa5 Rb7
37.Ra7 Rxa7 38.Bxa7 Ne8 39.Ba4 Ndf6 40.Bb8  1-0

[Event "ROM-chT"]
[Site "ROM"]
[Date "1993.??.??"]
[Round "7"]
[White "Grunberg, Sergiu Henric"]
[Black "Komliakov, Viktor"]
[Result "1/2-1/2"]
[WhiteElo "2345"]
[BlackElo "2435"]

1.Nf3 d5 2.c4 c6 3.e3 Nf6 4.Nc3 a6 5.d4 b5 6.cxd5 cxd5 7.Bd3 Nbd7 8.O-O e6
9.Bd2 Bd6 10.Rc1 O-O 11.a3 Nb6 12.e4 dxe4 13.Nxe4 Nxe4 14.Bxe4 Nd5 15.Bxd5 exd5
16.Ne5 a5  1/2-1/2

[Event "Rostov"]
[Site "Rostov"]
[Date "1993.??.??"]
[Round "?"]
[White "Smyslov, Vassily"]
[Black "Pushkov, Nikolai"]
[Result "0-1"]
[WhiteElo "2530"]
[BlackElo "2485"]

1.Nf3 d5 2.c4 e6 3.g3 Nf6 4.Bg2 dxc4 5.Na3 Bxa3 6.bxa3 O-O 7.Qc2 a6 8.Bb2 Nbd7
9.a4 Rb8 10.O-O c5 11.Qxc4 b5 12.axb5 axb5 13.Qc2 Bb7 14.d3 Qb6 15.a4 b4
16.e4 Rfd8 17.Nd2 Rbc8 18.Nc4 Qa6 19.f4 Nb6 20.f5 Nxc4 21.dxc4 exf5 22.Rxf5 Qe6
23.Bxf6 gxf6 24.Raf1 Ba6 25.Rd5 Rxd5 26.exd5 Qe3+ 27.Kh1 b3 28.Qf5 Qe5 29.Qg4+ Kf8
30.d6 Rd8 31.d7 h5 32.Qf3 Bxc4 33.Rd1 Be2 34.Qxb3 Bxd1 35.Qxd1 Rxd7  0-1

[Event "San Fernando op"]
[Site "San Fernando"]
[Date "1993.??.??"]
[Round "4"]
[White "Mellano, Santiago"]
[Black "Benko, Francisco"]
[Result "1-0"]
[WhiteElo "2300"]
[BlackElo "2220"]

1.Nf3 d5 2.c4 c6 3.d4 Bf5 4.Qb3 Qb6 5.cxd5 Qxb3 6.axb3 cxd5 7.Nc3 e6 8.Nb5 Bb4+
9.Bd2 Bxd2+ 10.Kxd2 Na6 11.Nd6+ Ke7 12.Nxb7 Rb8 13.Nd6 Nc7 14.Nxf5+ exf5
15.Rxa7 Kd6 16.Ne5 Nh6 17.e3 f6 18.Nd3 Rxb3 19.Be2 Rhb8 20.Rc1 R3b7 21.Rca1 Nf7
22.Rxb7 Rxb7 23.Kc2 Nd8 24.Nc5 Rb6 25.Kc3 Nc6 26.Ra4 Rb8 27.b4 g6 28.Na6 Nb5+
29.Bxb5 Rxb5 30.Nc5 Rb8 31.Ra6 Kc7 32.Nd3 Rb6 33.Rxb6 Kxb6 34.Nf4 Ne7 35.Kb3 Kb5
36.Ne2 Nc8 37.Nc3+ Kc6 38.b5+ Kd6 39.Kb4 Ne7 40.Ka5 Kc7 41.Ka6 g5 42.b6+ Kd6
43.b7 Nc6 44.Kb6 f4 45.Nb5+ Kd7 46.exf4 gxf4 47.Kc5 Nb8 48.Kb6 h5 49.Nc7 Kd6
50.Na6 Nd7+ 51.Kb5 f3 52.g3 f5 53.b8=Q+ Nxb8 54.Nxb8 f4 55.gxf4 Ke6 56.Kc5 Kf5
57.Kxd5 Kg4 58.Ke4 h4 59.Nd7 Kh3 60.Ne5 Kg2 61.Nxf3 h3 62.Ng5  1-0

[Event "San Fernando op"]
[Site "San Fernando"]
[Date "1993.??.??"]
[Round "6"]
[White "Giardelli, Sergio C"]
[Black "Amura, Claudia Noemi"]
[Result "1-0"]
[WhiteElo "2425"]
[BlackElo "2380"]

1.Nf3 d5 2.c4 e6 3.g3 Nf6 4.Bg2 Be7 5.O-O O-O 6.d4 dxc4 7.Qc2 a6 8.Qxc4 b5
9.Qc2 Bb7 10.Bf4 Bd6 11.Nbd2 Bxf4 12.gxf4 Qd6 13.Rac1 Rc8 14.f5 exf5 15.Qxf5 Nbd7
16.Rfe1 g6 17.Qg5 Ne4 18.Nxe4 Bxe4 19.Qh4 Nf6 20.Rc5 Ra7 21.Rec1 c6 22.Ne5 Bxg2
23.Kxg2 Rac7 24.e3 Nd7 25.Nxd7 Qxd7 26.Qf4 Kg7 27.d5 f6 28.e4 Qe8 29.f3 f5
30.e5 Kg8 31.e6 Rg7 32.Rxc6 Rd8 33.Qe5 Qe7 34.Rc7 Qg5+ 35.Kh1 Rxc7 36.Rxc7  1-0

[Event "San Isidoro op"]
[Site "San Isidoro"]
[Date "1993.??.??"]
[Round "6"]
[White "Garcia, Raimundo"]
[Black "Giardelli, Sergio C"]
[Result "1-0"]
[WhiteElo "2375"]
[BlackElo "2425"]

1.Nf3 d5 2.c4 d4 3.b4 g6 4.Bb2 Bg7 5.d3 e5 6.g3 b6 7.Bg2 Bb7 8.O-O Ne7 9.Nbd2 O-O
10.Nb3 Nf5 11.a4 Nd7 12.a5 Rb8 13.axb6 axb6 14.Ra7 Re8 15.Rxb7 Rxb7 16.Nfxd4 exd4
17.Bxb7 Qe7 18.Be4 Qd6 19.Qa1 c5 20.bxc5 bxc5 21.Qa4 Rb8 22.Ba3 Bf8 23.Nd2 Ne7
24.Bg2 Nf6 25.Rb1 Rxb1+ 26.Nxb1 Qe5 27.Bf3 g5 28.Qd1 Ng6 29.Nd2 Bd6 30.Bc1 Kg7
31.Bg2 g4 32.Nb3 Qf5 33.Qd2 Qd7 34.Qh6+ Kg8 35.Qg5 Qe7 36.Nd2 Qxe2 37.Qxf6 Be7
38.Qf5 Qe1+ 39.Nf1 Qxc1 40.Bd5 Kg7 41.Qxf7+ Kh6 42.Be4 Qg5 43.Kg2 Bf6 44.Qd7 Nf8
45.Qc8 Kg7 46.Bf5 h5 47.Qxc5 Ng6 48.Qc7+ Ne7 49.Be4 h4 50.gxh4 Qxh4 51.Qg3  1-0

[Event "San Martin"]
[Site "San Martin"]
[Date "1993.??.??"]
[Round "1"]
[White "Szmetan, Jorge"]
[Black "Schweber, Samuel"]
[Result "1-0"]
[WhiteElo "2415"]
[BlackElo "2350"]

1.Nf3 d5 2.c4 e6 3.g3 g6 4.Bg2 Bg7 5.O-O Ne7 6.d4 O-O 7.Qc2 Nbc6 8.Rd1 Nf5
9.e3 a5 10.b3 Bd7 11.Bb2 Nb4 12.Qe2 Nd6 13.Ne5 c6 14.Nc3 f5 15.Na4 Be8 16.f3 Na6
17.e4 Nc7 18.Ba3 b5 19.cxb5 cxb5 20.Nc5 b4 21.Bb2 Qe7 22.exf5 exf5 23.Re1 f4
24.Qd2 Qd8 25.g4 Bf6 26.a3 Bh4 27.Rec1 Rb8 28.axb4 axb4 29.Ra7 Ndb5 30.Rb7 Rxb7
31.Nxb7 Qe7 32.Nc5 h5 33.gxh5 gxh5 34.Qxb4 Kh8 35.Ncd3 Qg7 36.Kh1 Rg8 37.Qd2 Ne6
38.Nb4 Nbxd4 39.Nec6 Nxc6 40.Rxc6  1-0

[Event "San Martin"]
[Site "San Martin"]
[Date "1993.??.??"]
[Round "4"]
[White "Szmetan, Jorge"]
[Black "Sorokin, Maxim"]
[Result "0-1"]
[WhiteElo "2415"]
[BlackElo "2515"]

1.Nf3 d5 2.c4 c6 3.d4 Nf6 4.Nc3 e6 5.Bg5 h6 6.Bxf6 Qxf6 7.a3 dxc4 8.Ne5 c5
9.Qa4+ Nd7 10.e3 cxd4 11.exd4 Qd8 12.Bxc4 Bd6 13.Bb5 Qc7 14.O-O Bxe5 15.dxe5 O-O
16.f4 a6 17.Bxd7 Bxd7 18.Qb4 a5 19.Qd6 Qxd6 20.exd6 Rfc8 21.Rad1 Rc4 22.Rd2 Kf8
23.g3 Ra6 24.Re1 Rac6 25.f5 Ke8 26.Re5 R6c5 27.Rxc5 Rxc5 28.f6 gxf6 29.Ne4 Rf5
30.Rf2 Rxf2 31.Kxf2 f5 32.Nf6+ Kd8 33.Ke3 e5 34.h4 Be6 35.h5 b5 36.b4 axb4
37.axb4 Kc8 38.Ng8 Kd7 39.Nxh6 f6 40.Kf3 Kxd6  0-1

[Event "San Sebastian op"]
[Site "San Sebastian"]
[Date "1993.??.??"]
[Round "?"]
[White "Pomes Marcet, Juan"]
[Black "Mitkov, Nikola"]
[Result "0-1"]
[WhiteElo "2410"]
[BlackElo "2505"]

1.Nf3 d5 2.c4 e6 3.b3 Be7 4.Bb2 Nf6 5.g3 b6 6.Bg2 Bb7 7.O-O O-O 8.e3 Nbd7
9.Nc3 Ne4 10.d3 Nxc3 11.Bxc3 Bf6 12.Qc2 c5 13.cxd5 Bxd5 14.d4 Rc8 15.Qd2 Qc7
16.dxc5 Bxc3 17.Qxc3 Qb7 18.Rfd1 Nxc5 19.Ne1 Bxg2 20.Nxg2 Ne4 21.Qd3 Rc3
22.Qe2 Rfc8 23.f3 Ng5 24.Ne1 h6 25.h4 Nh7 26.Rd3 Nf6 27.Rad1 Qc7 28.Qf2 Rxd3
29.Rxd3 g5 30.Rd4 Qc1 31.Qd2 Qa1 32.hxg5 hxg5 33.e4 Kh7 34.e5 Rc1 35.exf6 Rxe1+
36.Kg2 Rh1 37.Qf2 Rh5 38.Qc2+ Kh6 39.Rd1 Qxf6 40.Qe2 Kg7 41.Re1 Qh6 42.Qe5+ Kh7
43.g4 Rh4 44.Rd1 Qg6 45.Qe2 Kg7 46.Qe5+ Kh7 47.Qe2 Qf6 48.Qe4+ Kg7 49.Qd4 e5
50.Qe4 Rh8 51.Rd5 Re8 52.a4 a5 53.Qe3 Re6 54.Rb5 Qf4 55.Kf2 Kf6 56.Qxf4+ gxf4
57.Ke2 Rd6 58.Kf2 Ke6 59.Ke2 f6 60.Kf2 Rc6 61.Kg2 Kf7 62.g5 fxg5 63.Rxe5 Rc5
64.Re4 Rc3 65.b4 Kf6 66.bxa5 bxa5 67.Rd4 Ra3 68.Rc4 Kg6 69.Rd4 Kh5 70.Rc4 Kh4
71.Rc2 Rxa4 72.Kh2 Ra3 73.Kg2 a4  0-1

[Event "Wuerttemberg-ch"]
[Site "Schramberg"]
[Date "1993.??.??"]
[Round "6"]
[White "Schmitt, Axel"]
[Black "Dittmar, Peter"]
[Result "1/2-1/2"]
[WhiteElo "2325"]
[BlackElo "2290"]

1.Nf3 d5 2.c4 e6 3.d4 c5 4.cxd5 exd5 5.g3 Nc6 6.Bg2 Nf6 7.O-O Be7 8.Nc3 O-O
9.Bg5 c4 10.Ne5 Be6 11.b3 Qa5 12.Nxc6 bxc6 13.Na4 Rfc8 14.Bxf6 gxf6 15.e3 Rab8
16.Qh5 Rb4 17.Bh3 cxb3 18.axb3 Qc7 19.Bf5 Bxf5 20.Qxf5 Rxb3 21.Rfc1 Kg7 22.Kg2 Qd8
23.Nc5 Bxc5 24.Rxc5 Rc7  1/2-1/2

[Event "Sevilla op"]
[Site "Sevilla"]
[Date "1993.??.??"]
[Round "7"]
[White "Suba, Mihai"]
[Black "De la Villa Garcia, Jesus Maria"]
[Result "1/2-1/2"]
[WhiteElo "2520"]
[BlackElo "2440"]

1.Nf3 d5 2.c4 dxc4 3.e3 Nf6 4.Na3 e6 5.Nxc4 c5 6.b3 Be7 7.Bb2 O-O 8.Be2 Nc6
9.O-O b6 10.Qb1 Bb7 11.Rd1 Qd5 12.d3 b5 13.e4 Qd8 14.Nce5 Qb6 15.Nxc6 Bxc6
16.Qc2 Rac8 17.Ne5 Bb7 18.a4 a6 19.axb5 axb5 20.Qd2 Ra8 21.Qg5 h6 22.Qg3 Rfd8
23.Rxa8 Bxa8 24.Ra1 Bb7 25.Bc3 Bf8 26.Qf4 Bd6 27.g4 b4 28.Bb2 Qc7 29.g5 hxg5
30.Qxg5 Nh7 31.Qh5 Nf6 32.Qg5 Nh7 33.Qh5 Nf6 34.Qg5 Nh7  1/2-1/2

[Event "Skei"]
[Site "Skei"]
[Date "1993.??.??"]
[Round "7"]
[White "Tisdall, Jonathan D"]
[Black "Baburin, Alexander"]
[Result "1-0"]
[WhiteElo "2425"]
[BlackElo "2550"]

1.Nf3 d5 2.c4 d4 3.e3 c5 4.b4 dxe3 5.fxe3 cxb4 6.Bb2 Nf6 7.Be2 Nc6 8.O-O e6
9.d4 Be7 10.Qd3 O-O 11.Nbd2 Nd7 12.Rad1 Re8 13.Ne4 Bf8 14.d5 exd5 15.Neg5 g6
16.Qxd5 Qe7 17.Nxf7 Qxe3+ 18.Rf2 Qe6 19.Qxe6 Rxe6 20.N3g5 Re8 21.Nd6 Bxd6
22.Rxd6 Nde5 23.Ne4 Kg7 24.Nf6 Re6 25.Rxc6 Rxc6 26.Bxe5 Bf5 27.g4 Be6 28.Nd5+ Kh6
29.h4 Bxg4 30.Bxg4 Rxc4 31.Bf4+ Kg7 32.Be5+ Kh6 33.Bf3 Rxh4 34.Bf6 g5 35.Ne7 Re8
36.Nf5+ Kg6 37.Nxh4+ Kxf6 38.Bh5+  1-0

[Event "SLO-ch"]
[Site "?"]
[Date "1993.??.??"]
[Round "?"]
[White "Truta, Srecko"]
[Black "Pavasovic, Dusko"]
[Result "1/2-1/2"]
[WhiteElo "2270"]
[BlackElo "2295"]

1.Nf3 d5 2.c4 d4 3.g3 g6 4.b4 a5 5.b5 Bg7 6.d3 b6 7.Bg2 Bb7 8.O-O e5 9.Nbd2 Nd7
10.a4 Ne7 11.Ba3 O-O 12.Nb3 c5 13.bxc6 Bxc6 14.Nfd2 Bxg2 15.Kxg2 f5 16.c5 Nxc5
17.Nxc5 bxc5 18.Qb3+ Qd5+ 19.Qxd5+ Nxd5 20.Bxc5 Rfc8 21.Ba3 Rc2 22.Nc4 Rxe2
23.Rfe1 Rxe1 24.Rxe1 Re8 25.Nxa5 Ra8 26.Nb7 Nc3 27.Bd6 e4 28.Nc5 Nxa4 29.Nxa4 Rxa4
30.dxe4 fxe4 31.Rxe4 d3 32.Re1 Ra1 33.Rxa1 Bxa1 34.Kf3 Bd4 35.Bf4 Kf7 36.Ke4 Bxf2  1/2-1/2

[Event "SLO-chT"]
[Site "?"]
[Date "1993.??.??"]
[Round "?"]
[White "Bukic, Enver"]
[Black "Sermek, Drazen"]
[Result "1/2-1/2"]
[WhiteElo "2450"]
[BlackElo "2460"]

1.Nf3 d5 2.c4 e6 3.d4 dxc4 4.e3 b5 5.a4 c6 6.axb5 cxb5 7.b3 Nd7 8.bxc4 b4
9.c5 Qc7 10.Bb2 Ngf6 11.Nbd2 Be7 12.Bb5 O-O 13.O-O Bb7 14.Qa4 Rab8 15.Rfc1 a6
16.Be2 Rfc8 17.Bxa6 Ra8 18.Qb5 Bc6 19.Qe2 Rcb8 20.Bc4 Nd5 21.Qd1 g5 22.Qb3 g4
23.Ne1 Rxa1 24.Rxa1 f5 25.Nd3 Bg5 26.e4 fxe4 27.Nxe4 Bh6 28.Qd1 Kh8 29.Qxg4 Rg8
30.Qxe6 Rg6 31.Qf5 N7f6 32.Ng3 Rg5 33.Qe6 Bd7 34.Ra8+ Kg7 35.Qd6 Qxd6 36.cxd6 Nb6
37.Rb8 Nxc4 38.Rxb4 Nxb2 39.Rxb2 Rd5 40.Rb7 Kg8 41.Ne5 Be6 42.d7 Nxd7 43.Nc6 Kf8  1/2-1/2

[Event "St Cugat op"]
[Site "St Cugat"]
[Date "1993.??.??"]
[Round "8"]
[White "Nikcevic, Nebojsa"]
[Black "Bravo, Narciso"]
[Result "1-0"]
[WhiteElo "2395"]
[BlackElo "2320"]

1.Nf3 d5 2.c4 c6 3.g3 Nf6 4.Bg2 Bf5 5.cxd5 Bxb1 6.Rxb1 Qxd5 7.b3 e6 8.O-O Qa5
9.Qc2 Nbd7 10.Bb2 Be7 11.d4 O-O 12.a3 Rfe8 13.Rfd1 Qf5 14.Rd3 Ne4 15.e3 Rac8
16.Rbd1 g5 17.Qe2 g4 18.Ne5 Nxe5 19.dxe5 Rcd8 20.Rd4 Ng5 21.Rxg4 Rxd1+ 22.Qxd1 Rd8
23.Rd4 Rxd4 24.exd4 Nh3+ 25.Bxh3 Qxh3 26.Qd3 Kf8 27.Bc1 Ke8 28.b4 Qf5 29.Qxf5 exf5
30.Kg2 Kd7 31.Kf3 Bf8 32.g4 Ke6 33.h4 Bg7 34.Bg5 Bf8 35.Kf4 fxg4 36.Kxg4 a5
37.bxa5 Bxa3 38.f4 Bb2 39.f5+ Kd5 40.Be7 Bxd4 41.e6 fxe6 42.f6 c5 43.f7 Bg7
44.f8=Q Bxf8 45.Bxf8 c4 46.Kf4 c3 47.Ke3 Kc4 48.Bg7 c2 49.Kd2 c1=Q+ 50.Kxc1 Kb5
51.Kd2 Kxa5 52.Ke3 b5 53.Ke4  1-0

[Event "St Martin op"]
[Site "St Martin"]
[Date "1993.??.??"]
[Round "6"]
[White "Gulko, Boris F"]
[Black "Peric, Slavisa"]
[Result "1-0"]
[WhiteElo "2625"]
[BlackElo "2270"]

1.Nf3 d5 2.c4 dxc4 3.e3 e6 4.Bxc4 a6 5.d4 Nf6 6.Qe2 c5 7.dxc5 Bxc5 8.O-O Qc7
9.Nbd2 Nc6 10.a3 b5 11.Bd3 b4 12.Ne4 Be7 13.Qc2 Bb7 14.Bd2 Qb6 15.Rfc1 Nd5
16.Nc5 Bxc5 17.Qxc5 Qxc5 18.Rxc5 bxa3 19.bxa3 Kd7 20.e4 Nde7 21.Bc4 Rhc8
22.Bc3 Nd8 23.Rxc8 Rxc8 24.Bxg7 Bxe4 25.Bxa6 Rc5 26.Bd4 Rd5 27.Ne5+ Ke8 28.Bc3 h5
29.a4 f6 30.Nc4 Kf7 31.Ne3 Rd6 32.Be2 Nd5 33.Bxh5+ Bg6 34.Nxd5 exd5 35.Bb4 Rb6
36.Ba5 Rd6 37.Bxg6+ Kxg6 38.Bxd8 Rxd8 39.Kf1 Rd6 40.a5 Ra6 41.Ke2 Kf5 42.Kd3  1-0

[Event "St Martin op"]
[Site "St Martin"]
[Date "1993.??.??"]
[Round "9"]
[White "Yermolinsky, Alex"]
[Black "Thorsteins, Karl"]
[Result "1-0"]
[WhiteElo "2615"]
[BlackElo "2480"]

1.Nf3 d5 2.c4 c6 3.e3 Nf6 4.Nc3 Nbd7 5.cxd5 cxd5 6.d4 e6 7.Bd3 Bd6 8.b3 O-O
9.Bb2 e5 10.dxe5 Nxe5 11.Be2 Nxf3+ 12.Bxf3 Be5 13.Rc1 Bf5 14.O-O Qa5 15.a3 Rfd8
16.Qe2 Ne4 17.b4 Qb6 18.Na4 Qd6 19.Bxe5 Qxe5 20.Nc5 Nxc5 21.Rxc5 b6 22.Rc6 Rac8
23.Rxc8 Rxc8 24.Rd1 Be4 25.Qa6 Rc7 26.Bxe4 Qxe4 27.h3 g6 28.Qb5 Rc3 29.Rxd5 Rxa3
30.Re5 Qh4 31.Re8+ Kg7 32.Qe5+ Kh6 33.Rf8 Qg5 34.Qxg5+ Kxg5 35.Rxf7 h5 36.f4+ Kh6
37.Kf2 b5 38.g4 hxg4 39.hxg4 Ra1 40.Kf3 Rf1+ 41.Ke4 Rb1 42.Rxa7 Rxb4+ 43.Ke5 Rc4
44.Rb7 b4 45.e4  1-0